| 000 | 00852nam a2200265 i 4500 | ||
|---|---|---|---|
| 001 | bgj | ||
| 100 | 1 | _aRICHARDS, Jack C. | |
| 245 | 1 | 0 |
_aApproaches and methods in language teaching : _ba description and analysis / _cJack C. Richards and Theodore S. Rodgers. |
| 250 | _a[8th print.]. | ||
| 260 |
_aCambridge : _bCambridge Univ. Press, _c1992 _aNew York. |
||
| 300 |
_aVIII, 171 pp ; _c23 cm. |
||
| 490 | 1 | _aCambridge language teaching library | |
| 500 | _a1st publ. 1986. | ||
| 504 | _aBibliographies. | ||
| 505 | _aIncl. index. | ||
| 650 | 9 |
_aLanguage and languages _xStudy and teaching |
|
| 700 | 1 | _aRODGERS, Theodore S. | |
| 830 | _aCambridge language teaching library | ||
| 020 | _a0521312558 (pbk) | ||
| 040 | _cBPK | ||
| 041 | 0 | _aeng | |
| 920 | _a0-521-31255-8 (pbk) | ||
| 942 | _cKS | ||
| 008 | s uk f |000 0 eng | ||
| 999 |
_c41415 _d41415 |
||
| 856 |
_uhttp://koha.tu.koszalin.pl/cgi-bin/koha/opac-detail.pl?biblionumber=41415 _yKatalog online BPK |
||